000 00264nam a2200109Ia 4500
008 190216s9999||||xx |||||||||||||| ||und||
100 _aRamanika Gupta
245 0 _aHindi-Stri Naitikta Talibalikaran
260 _bNavachethan
_c2009
650 _aHindi
942 _cBK
999 _c16658
_d16658